| 000 | 00598cam a2200169 i 4500 | ||
|---|---|---|---|
| 005 | 20260209102405.0 | ||
| 008 | 250721s1993 xxu gr 000 0 eng d | ||
| 020 | _a97809404506424 | ||
| 082 | 1 | 4 |
_a320.973 _bD E B |
| 245 | 0 | 4 |
_aThe debate on the constitution : _bFederalist And Antifederalist Speeches, Articles, and letters during the struggle over ratification / _cthe library of America. |
| 264 | 3 | 1 |
_aNew York : _bthe library of America, _c1993. |
| 300 |
_a VolumeŘ› _enumber 1. |
||
| 650 | 1 | 7 | _aUSA. |
| 650 | 1 | 7 | _aPolitical situation. |
| 942 |
_2ddc _cBK |
||
| 999 |
_c137711 _d137711 |
||